| 000 | 01126cam a2200349 i 4500 | ||
|---|---|---|---|
| 999 |
_c200447995 _d66207 |
||
| 001 | 200447995 | ||
| 003 | TR-AnTOB | ||
| 005 | 20220311101930.0 | ||
| 007 | ta | ||
| 008 | 960424s1995 sz i000 0 eng d | ||
| 020 | _a9221094170 (Report V (1)) | ||
| 020 | _a9221094189 (Report V (2)) | ||
| 040 |
_aNYG _beng _erda _cNYG _dJNA _dCIN _dTR-AnTOB |
||
| 041 | 0 | _aeng | |
| 050 | 1 | 4 |
_aHD2333 _b.H64 1995 |
| 090 |
_aTOBBK HD2333 _b.H64 1995 |
||
| 245 | 0 | 0 |
_aHome work : _breport V / _cInternational Labour Office. |
| 246 | 3 | 0 | _aHome work. |
| 264 | 1 |
_aGeneva : _bInternational Labour Office, _c1995. |
|
| 300 |
_avolumes ; _c24 cm |
||
| 336 |
_atext _btxt _2rdacontent |
||
| 337 |
_aunmediated _bn _2rdamedia |
||
| 338 |
_avolume _bnc _2rdacarrier |
||
| 500 | _aFourth item on the agenda | ||
| 650 | 0 |
_aHome labor _vCongresses _9133954 |
|
| 650 | 0 |
_aHome labor _xLaw and legislation _vCongresses _9133956 |
|
| 710 | 2 |
_aInternational Labour Office _927101 |
|
| 711 | 2 |
_aInternational Labour Conference _n(82nd : _d1995 : _cGeneva, Switzerland) _9136012 |
|
| 942 |
_2z _cBK |
||